00898nam a2200205 450000500170000000800410001702000290005802000250008705000200011210000300013224500960016226000320025830000240029033600100031433700140032433800120033850502700035065000180062070000540063820231102151937.0160606s1997 mx 000 0 spa d a968624901X (colección) a96862449133 (tomo 3) aK623bB66 1997 10aCarrara, Francescoeautor aDerecho Penalc / Francesco Carrara ; traducción y copilación Enrique Figueroa Alfonzo aMéxicob : Harlac, 1997 axiii, 230 páginas atexto asin medio avolumen aGiuseppe Puccioni y el derecho penal Estudios jurídicos La defensa pública y privada Idea fundamental del derecho punitivo Enmienda del reo como único fundamento de la pena Tutela jurídica Dolo Tentativa en el ímpetu Grado en la fuerza física del delito14aDERECHO PENAL aFigueroa Alfonzo, Enriqueetraductor y compilador